5 Letter V Words (Photos) - Statistics

General Stats
  • This quiz has been taken 91 times
  • The average score is 14 of 20
Answer Stats
Picture Hint Answer % Correct
Plural Vases
96%
Plural Vests
96%
Virus
90%
Viola
85%
Plural Vines
83%
Plural Votes
83%
Vodka
81%
Viper
79%
Venom
72%
Vomit
71%
Plural Visas
69%
Visor
67%
Vault
64%
Plural Veils
59%
Plural Vials
59%
Vixen
58%
Capital of Liechtenstein Vaduz
53%
Plural Voles
49%
Vowel
32%
Vapor
14%
No matching quizzes found
Score Distribution
Percent of People with Each Score
Percentile by Number Answered
Your Score History
You have not taken this quiz